[Event "IECG QF.2005.0.00062 email"]
[Site "IECG email"]
[Date "2005.02.25"]
[Round "?"]
[White "Mallard, Ken"]
[Black "Venturas, Bob"]
[Result "1-0"]
[WhiteElo "1152"]
[BlackElo "749"]
[PlyCount "63"]
[EventDate "2005.02.25"]
[EventType "tourn (corr)"]
[EventRounds "6"]
[SourceTitle "Corr 2008"]
[Source "ChessBase"]
[SourceDate "2008.06.24"]
[SourceVersion "1"]
[SourceVersionDate "2008.06.24"]
[SourceQuality "1"]

1. e4 e5 2. Bc4 Nf6 3. d3 h6 4. Nf3 Nc6 5. Nc3 Bb4 6. Bd2 d6 7. 0-0 Bg4 8. a3 Bc5 9. Be3 Bd4 10. h3 Bh5 11. g4 Bg6 12. Bxd4 exd4 13. Ne2 Qd7 14. Nfxd4 0-0 15. Nxc6 bxc6 16. Ng3 Rfe8 17. Re1 c5 18. Qf3 c6 19. Re2 Re5 20. Rae1 Rae8 21. Nf5 Bh7 22. Nxh6+ gxh6 23. Qxf6 Bg6 24. Qf4 Rg5 25. Qg3 Kh7 26. f4 Rh5 27. gxh5 Bxh5 28. Rg2 Bg6 29. f5 Rg8 30. fxg6+ Rxg6 31. Qf3 f6 32. Rxg6 1-0

[Event "IECG QF.2004.0.00055"]
[Site "IECG email"]
[Date "2004.05.27"]
[Round "?"]
[White "Keener, Darin J"]
[Black "Mallard, Ken"]
[Result "1-0"]
[WhiteElo "908"]
[BlackElo "1182"]
[PlyCount "75"]
[EventDate "2004.05.27"]
[EventType "tourn (corr)"]
[EventRounds "6"]
[SourceTitle "Corr 2008"]
[Source "ChessBase"]
[SourceDate "2008.06.24"]
[SourceVersion "1"]
[SourceVersionDate "2008.06.24"]
[SourceQuality "1"]

1. e4 d6 2. d4 Nf6 3. Nc3 g6 4. f4 Bg7 5. Nf3 c5 6. Bb5+ Bd7 7. e5 Ng4 8. h3 Bxb5 9. Nxb5 dxe5 10. hxg4 Qa5+ 11. Bd2 Qxb5 12. dxe5 Qxb2 13. a4 Qb6 14. Rb1 Qc6 15. a5 Na6 16. c4 Rd8 17. Qb3 Qe4+ 18. Kf2 Rxd2+ 19. Nxd2 Qxf4+ 20. Nf3 0-0 21. Qxb7 Nb4 22. Rhd1 Bxe5 23. Qxe7 Bf6 24. Qxc5 Nc2 25. g5 Bc3 26. Rb7 Ne1 27. Qe3 Qxe3+ 28. Kxe3 Nxf3 29. gxf3 Bxa5 30. Rd5 Be1 31. Rxa7 Rc8 32. c5 Re8+ 33. Kd3 Rc8 34. Rdd7 Rxc5 35. Rxf7 Rxg5 36. Rg7+ Kf8 37. Rxh7 Kg8 38. Rhe7 1-0

[Event "IECG QF.2004.0.00055"]
[Site "IECG email"]
[Date "2004.05.27"]
[Round "?"]
[White "Mallard, Ken"]
[Black "Keener, Darin J"]
[Result "0-1"]
[WhiteElo "1182"]
[BlackElo "908"]
[PlyCount "74"]
[EventDate "2004.05.27"]
[EventType "tourn (corr)"]
[EventRounds "6"]
[SourceTitle "Corr 2008"]
[Source "ChessBase"]
[SourceDate "2008.06.24"]
[SourceVersion "1"]
[SourceVersionDate "2008.06.24"]
[SourceQuality "1"]

1. e4 d5 2. exd5 Qxd5 3. Nc3 Qa5 4. d4 Nf6 5. Nf3 c6 6. Bd2 Bf5 7. Nd5 Qb6 8. Nxf6+ gxf6 9. Bc4 Rg8 10. Nh4 Bg4 11. f3 Qxd4 12. Bd3 Be6 13. g3 Qxb2 14. Bxh7 Rh8 15. Bd3 Qe5+ 16. Kf2 Nd7 17. Re1 Qd6 18. a4 Nc5 19. Be3 Nxd3+ 20. Qxd3 Qxd3 21. cxd3 0-0-0 22. Bxa7 Rxd3 23. Red1 Rxd1 24. Rxd1 Bb3 25. Ra1 e6 26. a5 Bd6 27. a6 c5 28. Rb1 c4 29. axb7+ Kxb7 30. Bd4 e5 31. Bc3 Bc5+ 32. Kg2 Kc6 33. f4 Bc2 34. Ra1 Be4+ 35. Kf1 exf4 36. Ra6+ Kd5 37. Rxf6 fxg3 0-1

[Event "IECG QE.2003.0.00038"]
[Site "IECG email"]
[Date "2003.03.02"]
[Round "2"]
[White "Mallard, Ken"]
[Black "Trevis, Robert R"]
[Result "1/2-1/2"]
[WhiteElo "1235"]
[BlackElo "1332"]
[PlyCount "52"]
[EventDate "2003.03.02"]
[EventType "tourn (corr)"]
[EventRounds "6"]
[SourceTitle "Corr 2008"]
[Source "ChessBase"]
[SourceDate "2008.06.24"]
[SourceVersion "1"]
[SourceVersionDate "2008.06.24"]
[SourceQuality "1"]

1. e4 c6 2. c4 d5 3. cxd5 cxd5 4. exd5 Nf6 5. Nc3 g6 6. Bc4 Nbd7 7. Nf3 Nb6 8. Bb3 Bg7 9. 0-0 Bf5 10. d4 Nfxd5 11. Nxd5 Nxd5 12. Be3 Rc8 13. Ne5 0-0 14. Qf3 e6 15. Rac1 Rxc1 16. Rxc1 f6 17. Ng4 Bxg4 18. Qxg4 f5 19. Qe2 Qb6 20. Re1 Rf7 21. Bg5 Nc7 22. Bxe6 Nxe6 23. Qxe6 Qxe6 24. Rxe6 Rd7 25. g3 h6 26. Re7 Rxe7 1/2-1/2

[Event "IECG QE.2003.0.00038"]
[Site "IECG email"]
[Date "2003.03.02"]
[Round "1"]
[White "Trevis, Robert R"]
[Black "Mallard, Ken"]
[Result "1-0"]
[WhiteElo "1332"]
[BlackElo "1235"]
[PlyCount "49"]
[EventDate "2003.03.02"]
[EventType "tourn (corr)"]
[EventRounds "6"]
[SourceTitle "Corr 2008"]
[Source "ChessBase"]
[SourceDate "2008.06.24"]
[SourceVersion "1"]
[SourceVersionDate "2008.06.24"]
[SourceQuality "1"]

1. d4 Nf6 2. c4 d6 3. Nf3 g6 4. Nc3 Bg7 5. e4 0-0 6. Be2 e5 7. Be3 c6 8. d5 Na6 9. 0-0 Ne8 10. dxc6 bxc6 11. c5 Bb7 12. cxd6 Qxd6 13. Qb3 Qc7 14. Qa4 Qc8 15. Rad1 Nec7 16. Bc4 Ne6 17. Qa5 f6 18. Rd6 Re8 19. Rfd1 Qc7 20. Rxe6 Rxe6 21. Bxe6+ Kf8 22. Qxc7 Nxc7 23. Bh3 Nb5 24. Rd7 Ba6 25. Be6 1-0

[Event "IECG QE.2002.0.00030"]
[Site "IECG email"]
[Date "2002.11.10"]
[Round "?"]
[White "Mallard, Ken"]
[Black "Mori, Roberto"]
[Result "1-0"]
[WhiteElo "1209"]
[BlackElo "1273"]
[PlyCount "55"]
[EventDate "2002.11.10"]
[EventType "tourn (corr)"]
[EventRounds "6"]
[SourceTitle "Corr 2024"]
[Source "ChessBase"]
[SourceDate "2023.10.19"]
[SourceVersion "1"]
[SourceVersionDate "2023.10.19"]
[SourceQuality "1"]

1. Nf3 d5 2. d3 Nf6 3. Nbd2 Nc6 4. g3 e5 5. e4 Be6 6. Bg2 dxe4 7. dxe4 Bb4 8. 0-0 0-0 9. c3 Be7 10. Re1 Bc5 11. b4 Bb6 12. b5 Na5 13. Nxe5 Qd6 14. Nef3 Nc4 15. e5 Bxf2+ 16. Kxf2 Qc5+ 17. Nd4 Ng4+ 18. Kg1 Nce3 19. Ne4 Nxd1 20. Nxc5 Nxc3 21. Ncxe6 fxe6 22. Nxe6 Rf2 23. h3 Ne2+ 24. Rxe2 Rxe2 25. hxg4 Rxe5 26. Nxc7 Re1+ 27. Kf2 Rd1 28. Nxa8 1-0

[Event "IECG QE.2002.0.00030"]
[Site "IECG email"]
[Date "2002.11.10"]
[Round "?"]
[White "Mallard, Ken"]
[Black "Trevis, Robert"]
[Result "0-1"]
[WhiteElo "1209"]
[BlackElo "1349"]
[PlyCount "116"]
[EventDate "2002.11.10"]
[EventType "tourn (corr)"]
[EventRounds "6"]
[SourceTitle "Corr 2024"]
[Source "ChessBase"]
[SourceDate "2023.10.19"]
[SourceVersion "1"]
[SourceVersionDate "2023.10.19"]
[SourceQuality "1"]

1. Nf3 Nf6 2. g3 d5 3. Bg2 c6 4. d3 Bg4 5. Nbd2 Nbd7 6. 0-0 e5 7. h3 Be6 8. e4 dxe4 9. dxe4 h6 10. b3 Bd6 11. Bb2 0-0 12. Re1 Qc7 13. Qe2 a5 14. a4 b5 15. Rec1 bxa4 16. Rxa4 Rfb8 17. Ba3 Nc5 18. Bxc5 Bxc5 19. Rca1 Bb4 20. Ne1 Bc3 21. R1a2 Nd7 22. Nd3 Nb6 23. R4a3 a4 24. Nb1 Bd4 25. Nd2 Qd6 26. c4 axb3 27. Rxa8 Nxa8 28. Nxb3 Bxc4 29. Nxd4 Qxd4 30. Rd2 Rb1+ 31. Kh2 Nb6 32. Qe3 Qxe3 33. fxe3 Bxd3 34. Rxd3 c5 35. Rc3 c4 36. Bf3 Rb3 37. Rc1 Rxe3 38. Kg2 Rb3 39. Kf2 c3 40. Ke2 Na4 41. Bg4 Nc5 42. Ke3 c2+ 43. Kd2 Nxe4+ 44. Kxc2 Rc3+ 45. Kb2 Rxc1 46. Kxc1 Nxg3 47. Kd2 f5 48. Bd1 f4 49. Ke1 Kf7 50. Kf2 e4 51. Kg2 Ke6 52. h4 Nf5 53. Bg4 f3+ 54. Kf2 Ke5 55. h5 Kf4 56. Bh3 e3+ 57. Ke1 Ng3 58. Bd7 f2+ 0-1

[Event "IECG QE.2002.0.00030"]
[Site "IECG email"]
[Date "2002.11.10"]
[Round "?"]
[White "Mori, Roberto"]
[Black "Mallard, Ken"]
[Result "0-1"]
[WhiteElo "1273"]
[BlackElo "1209"]
[PlyCount "114"]
[EventDate "2002.11.10"]
[EventType "tourn (corr)"]
[EventRounds "6"]
[SourceTitle "Corr 2024"]
[Source "ChessBase"]
[SourceDate "2023.10.19"]
[SourceVersion "1"]
[SourceVersionDate "2023.10.19"]
[SourceQuality "1"]

1. e4 d6 2. d4 Nf6 3. Nc3 g6 4. Bc4 Bg7 5. Nf3 Nc6 6. 0-0 Bg4 7. Be2 0-0 8. h3 Bxf3 9. Bxf3 e5 10. d5 Nd4 11. Bg5 h6 12. Be3 Re8 13. Bxd4 exd4 14. Nb5 Nxe4 15. Nxd4 Ng5 16. c3 Nxf3+ 17. Nxf3 Qf6 18. Qb3 b6 19. Rae1 Re7 20. Nd4 a5 21. Qc4 Rae8 22. Rxe7 Rxe7 23. Nc6 Re8 24. Na7 Qd8 25. Nb5 Re7 26. Na7 Qe8 27. Nb5 h5 28. b4 axb4 29. cxb4 Re4 30. Nxc7 Rxc4 31. Nxe8 Be5 32. f4 Bxf4 33. a3 Be5 34. Nf6+ Kg7 35. Ne8+ Kf8 36. Nf6 Bxf6 37. Rxf6 Ke7 38. Rf3 Rd4 39. Re3+ Kf8 40. Rc3 Rxd5 41. Rc6 b5 42. Rc8+ Ke7 43. Rc7+ Ke6 44. Rc3 Ke5 45. Kf2 f5 46. Re3+ Kf6 47. Kf3 g5 48. Rc3 g4+ 49. Kg3 Kg5 50. h4+ Kf6 51. Rc8 Rd3+ 52. Kf4 Rd4+ 53. Ke3 Rd1 54. Rf8+ Kg6 55. Rg8+ Kf6 56. Rg5 Rd5 57. Rxh5 f4+ 0-1